00784nam a2200193 a 450000100100000000500170001000800410002702000180006804000250008610000350011124501190014626000360026530000210030150000730032250400320039570000410042795201050046899900170057300004330920201002040816.0140305s2013 sp 000 0 spa d a9789945007145 aDO-SdBNPbspacBNPHU1 aCastillo Levison, Amada97094910aBalance de la reforma del estado dominicano (1996-2012) /cAmada Castillo Levison ; prólogo Juan Bolivar Diáz. aSanto Domingo :bBúho,c2013. a211 p. ;c24 cm. aIncluye datos biográficos de la autora en la solapa de la cubierta aBibliografía : p. 189-1951 aDiáz, Juan Bolivarepról.938361 001050718MOaPDbPDcCTd2014-03-05iLF1l0o p43309-10r2020-06-25w2020-06-25y1ZNo se presta c42798d42798